| 000 | 00690nam a22002177a 4500 | ||
|---|---|---|---|
| 003 | BD-DhUL | ||
| 005 | 20180522110336.0 | ||
| 008 | 180522s1990 ii ||||| |||| 00| 0 ben | ||
| 020 | _a817066280X | ||
| 040 |
_aBD-DhUL _cBD-DhUL |
||
| 082 |
_a891.443 _bMAS |
||
| 100 | 1 | _aমজুমদার, সমরেশ | |
| 245 | 0 | 0 |
_aসাতকাহন : _bখণ্ড ১ / _cসমরেশ মজুমদার |
| 250 | _a১ম সং. | ||
| 260 |
_aকলকাতা : _bআনন্দ, _c১৯৯০। |
||
| 300 |
_a খ. ; _c২১ সেমি.। |
||
| 365 |
_aIRS _b100 |
||
| 650 | 4 | _aবাংলা উপন্যাস | |
| 650 | 4 | _aBengali fiction | |
| 942 |
_2ddc _cBK |
||
| 999 |
_c241441 _d241441 |
||